[Event "BCF-chT4 1516 (4NCL)"]
[Site "England"]
[Date "2016.03.19"]
[Round "7.180"]
[White "Usher, Michael E"]
[Black "Byrne, Nigel"]
[Result "1-0"]
[WhiteElo "1675"]
[BlackElo "1870"]
[PlyCount "85"]
[EventDate "2015.11.14"]
[EventType "team-swiss"]
[EventRounds "11"]
[EventCountry "ENG"]
[SourceTitle "EXT 2017"]
[Source "ChessBase"]
[SourceDate "2016.10.25"]
[SourceVersion "1"]
[SourceVersionDate "2016.10.25"]
[SourceQuality "1"]
[WhiteTeam "Iceni II"]
[BlackTeam "Throw in the Tal"]
[WhiteTeamCountry "ENG"]
[BlackTeamCountry "ENG"]

1. b3 d6 2. Bb2 e5 3. e3 Nf6 4. d4 Nbd7 5. c4 Be7 6. Be2 0-0 7. Nf3 exd4 8. Nxd4 Nc5 9. 0-0 Ne6 10. Nf5 Bd7 11. Nxe7+ Qxe7 12. Bd3 Nc5 13. Bc2 a5 14. Nc3 Rad8 15. Ne2 Bc6 16. Ng3 g6 17. Qd4 Ncd7 18. Qh4 Rfe8 19. Qg5 Ne4 20. Qxa5 b6 21. Qe1 Nxg3 22. hxg3 Be4 23. Qc3 f6 24. Bxe4 Qxe4 25. Rad1 Re6 26. Rd4 Qc6 27. Qd2 Rde8 28. Qe2 Nc5 29. Qf3 Ne4 30. Rfd1 Qa8 31. a3 f5 32. Qe2 Nc5 33. Qc2 Ne4 34. b4 Qc6 35. Rc1 Qd7 36. Ba1 Qf7 37. Qb2 Qg7 38. a4 Ra8 39. Qb3 Qd7 40. Qb2 Qg7 41. Qb3 Qd7 42. c5 Qxa4 43. Qxe6+ 1-0

[Event "BCF-chT4 1516 (4NCL)"]
[Site "England"]
[Date "2015.11.15"]
[Round "2.99"]
[White "Maydew, Simon"]
[Black "Byrne, Nigel"]
[Result "1/2-1/2"]
[WhiteElo "1840"]
[BlackElo "1870"]
[PlyCount "42"]
[EventDate "2015.11.14"]
[EventType "team-swiss"]
[EventRounds "11"]
[EventCountry "ENG"]
[SourceTitle "EXT 2017"]
[Source "ChessBase"]
[SourceDate "2016.10.25"]
[SourceVersion "1"]
[SourceVersionDate "2016.10.25"]
[SourceQuality "1"]
[WhiteTeam "Shropshire II"]
[BlackTeam "Throw in the Tal"]
[WhiteTeamCountry "ENG"]
[BlackTeamCountry "ENG"]

1. d4 d6 2. Nf3 Bg4 3. e4 Nf6 4. Nc3 c6 5. Be3 e6 6. Bd3 Be7 7. Qd2 d5 8. Ne5 Bh5 9. f3 Nfd7 10. Nxd7 Nxd7 11. 0-0 0-0 12. Ne2 dxe4 13. fxe4 Bxe2 14. Qxe2 Nf6 15. e5 Nd5 16. Bxh7+ Kxh7 17. Qh5+ Kg8 18. Rf3 Nxe3 19. Rh3 f5 20. Qh7+ Kf7 21. Qh5+ Kg8 1/2-1/2

[Event "BCF-chT4 1516 (4NCL)"]
[Site "England"]
[Date "2015.11.14"]
[Round "1.99"]
[White "Byrne, Nigel"]
[Black "Kenning, Paul H"]
[Result "1/2-1/2"]
[WhiteElo "1870"]
[BlackElo "1866"]
[PlyCount "74"]
[EventDate "2015.11.14"]
[EventType "team-swiss"]
[EventRounds "11"]
[EventCountry "ENG"]
[SourceTitle "EXT 2017"]
[Source "ChessBase"]
[SourceDate "2016.10.25"]
[SourceVersion "1"]
[SourceVersionDate "2016.10.25"]
[SourceQuality "1"]
[WhiteTeam "Throw in the Tal"]
[BlackTeam "Iceni"]
[WhiteTeamCountry "ENG"]
[BlackTeamCountry "ENG"]

1. e4 d6 2. d4 Nf6 3. Nc3 c6 4. Bg5 Nbd7 5. Nf3 h6 6. Be3 e5 7. h3 Be7 8. Be2 Qc7 9. 0-0 b5 10. Bd3 Bb7 11. a3 0-0 12. Nh4 exd4 13. Bxd4 Ne5 14. Nf5 a6 15. f4 Nxd3 16. Qxd3 c5 17. Bf2 b4 18. axb4 cxb4 19. Nd5 Nxd5 20. exd5 Bf6 21. Bd4 Bxd4+ 22. Qxd4 Qc5 23. Qxc5 dxc5 24. Ra5 Rfe8 25. Rxc5 Rac8 26. Rxc8 Bxc8 27. Nd6 Rd8 28. Nxc8 Rxc8 29. Rf2 Kf8 30. Rd2 Ke7 31. Kf2 Kd6 32. Ke3 a5 33. Ke4 Rc5 34. g4 Rc4+ 35. Ke3 a4 36. Rd4 Rxc2 37. Rxb4 Kxd5 1/2-1/2